Explotación de recursos naturales y humanos: la mujer, el ambiente y la educación /
Kaydedildi:
| Yazar: | |
|---|---|
| Materyal Türü: | Metin |
| Etiketler: |
Etiketle
Etiket eklenmemiş, İlk siz ekleyin!
|
MARC
| LEADER | 00000 a a2200000 04500 | ||
|---|---|---|---|
| 001 | 48239 | ||
| 003 | |||
| 040 | |||
| 100 | |a Edwards, Beatrice | ||
| 245 | |a Explotación de recursos naturales y humanos: |b la mujer, el ambiente y la educación / |c Beatrice Edwards | ||
| 773 | |g volumen39, número120, (1995), páginas 25-42 | ||
| 999 | |c 33510 |d 33510 | ||
